Vista normal
Vista MARC
- tr. José E. Troconis Ganimez
Entrada Nombre personal
Número de registros utilizados en: 1
001 - NÚMERO DE CONTROL
- campo de control: 3711
003 - IDENTIFICADOR DE NÚMERO DE CONTROL
- campo de control: OSt
005 - FECHA Y HORA DE LA ÚLTIMA TRANSACCIÓN
- campo de control: 20230315230002.0
008 - ELEMENTOS DE DATO DE LONGITUD-FIJA
- campo de control de longitud fija: 230315|| aca||aabn | a|a d
040 ## - FUENTE DE CATALOGACIÓN
- Centro catalogador/agencia de origen: OSt
- Centro/agencia transcriptor: OSt
100 ## - ENCABEZAMIENTO-NOMBRE DE PERSONA
- Nombre de persona: tr. José E. Troconis Ganimez
670 ## - FUENTE DE DATOS ENCONTRADOS
- Cita de la fuente: Work cat.: (OSt)1054: Laskaris, George 3143, Patologías de la cavidad bucal en niños y adolescentes /, 2001.

